[Event "BEL-chT 1617"]
[Site "Belgium"]
[Date "2016.11.06"]
[Round "3.7"]
[White "Tonoli, Walter"]
[Black "Goossens, Etienne"]
[Result "1/2-1/2"]
[WhiteElo "2162"]
[BlackElo "2180"]
[PlyCount "25"]
[EventDate "2016.10.02"]
[EventType "team-tourn"]
[EventRounds "11"]
[EventCountry "BEL"]
[SourceTitle "CBM 175 Extra"]
[Source "ChessBase"]
[SourceDate "2016.12.12"]
[SourceVersion "1"]
[SourceVersionDate "2016.12.12"]
[SourceQuality "1"]
[WhiteTeam "The Belgian CC"]
[BlackTeam "Liege Crelel"]
[WhiteTeamCountry "BEL"]
[BlackTeamCountry "BEL"]

1. c4 e6 2. g3 d5 3. Nf3 Nf6 4. b3 Be7 5. Bg2 0-0 6. 0-0 b6 7. Bb2 Bb7 8. cxd5 exd5 9. d4 c5 10. Nc3 Nbd7 11. Rc1 Rc8 12. e3 Re8 13. Re1 1/2-1/2

[Event "BEL-chT 1516"]
[Site "Belgium"]
[Date "2016.02.21"]
[Round "7.6"]
[White "Henris, Luc"]
[Black "Tonoli, Walter"]
[Result "0-1"]
[WhiteElo "2163"]
[BlackElo "2181"]
[PlyCount "56"]
[EventDate "2015.09.27"]
[EventType "team-tourn"]
[EventRounds "11"]
[EventCountry "BEL"]
[SourceTitle "CBM 170 Extra"]
[Source "ChessBase"]
[SourceDate "2016.02.25"]
[SourceVersion "1"]
[SourceVersionDate "2016.02.25"]
[SourceQuality "1"]
[WhiteTeam "Namur"]
[BlackTeam "TBCC"]
[WhiteTeamCountry "BEL"]
[BlackTeamCountry "BEL"]

1. e4 c5 2. Nf3 g6 3. d4 Bg7 4. dxc5 Qa5+ 5. Nc3 Nf6 6. Bd3 Na6 7. Bxa6 bxa6 8. e5 Ng4 9. Qd4 d6 10. Qd5 Rb8 11. cxd6 Qxd5 12. Nxd5 e6 13. Nc7+ Kd7 14. Ng5 Nxe5 15. f4 h6 16. fxe5 hxg5 17. 0-0 Bxe5 18. Rxf7+ Kxd6 19. Bxg5 Kc6 20. Nxa6 Bxa6 21. Re1 Bxh2+ 22. Kf2 Bd6 23. b3 Rhf8 24. Rxf8 Rxf8+ 25. Kg1 Rf5 26. Bh4 Re5 27. Rd1 Bc5+ 28. Kh2 Rh5 0-1

[Event "BEL-chT 1516"]
[Site "Belgium"]
[Date "2015.11.08"]
[Round "3.5"]
[White "Tonoli, Walter"]
[Black "Broekmeulen, Jasper"]
[Result "1/2-1/2"]
[WhiteElo "2181"]
[BlackElo "2386"]
[PlyCount "62"]
[EventDate "2015.09.27"]
[EventType "team-tourn"]
[EventRounds "11"]
[EventCountry "BEL"]
[SourceTitle "EXT 2017"]
[Source "ChessBase"]
[SourceDate "2016.10.25"]
[SourceVersion "1"]
[SourceVersionDate "2016.10.25"]
[SourceQuality "1"]
[WhiteTeam "TBCC"]
[BlackTeam "Amay"]
[WhiteTeamCountry "BEL"]
[BlackTeamCountry "BEL"]

1. c4 b6 2. b3 Bb7 3. Bb2 Nf6 4. Nf3 e6 5. g3 Bxf3 6. exf3 c5 7. d4 cxd4 8. Qxd4 Nc6 9. Qd2 d5 10. cxd5 Bb4 11. Nc3 Nxd5 12. Bb5 Rc8 13. a3 Bxc3 14. Bxc3 0-0 15. Bxc6 Rxc6 16. Bb2 Nf6 17. Qxd8 Rxd8 18. Rd1 Nd5 19. Rd2 Rdc8 20. 0-0 Kf8 21. Re1 b5 22. f4 Rc2 23. Ree2 Rxd2 24. Rxd2 g6 25. Kf1 Ke7 26. Ke2 a5 27. Kd3 Kd6 28. Rc2 Rxc2 29. Kxc2 Kc5 30. Kd3 Ne7 31. Bc3 b4 1/2-1/2

[Event "BEL-chT 1314"]
[Site "Belgium"]
[Date "2014.01.26"]
[Round "8.8"]
[White "Coenen, Norbert"]
[Black "Tonoli, Walter"]
[Result "1/2-1/2"]
[WhiteElo "2316"]
[BlackElo "2171"]
[PlyCount "64"]
[EventDate "2013.09.22"]
[EventType "team-tourn"]
[EventRounds "11"]
[EventCountry "BEL"]
[SourceTitle "EXT 2015"]
[Source "ChessBase"]
[SourceDate "2014.11.20"]
[SourceVersion "1"]
[SourceVersionDate "2014.11.20"]
[SourceQuality "1"]
[WhiteTeam "Eynatten"]
[BlackTeam "Anderlecht"]
[WhiteTeamCountry "BEL"]
[BlackTeamCountry "BEL"]

1. e4 c5 2. Nf3 g6 3. c4 Bg7 4. d4 d6 5. Nc3 Qa5 6. dxc5 Bxc3+ 7. bxc3 dxc5 8. Qb3 Qc7 9. Be3 b6 10. Nd2 Nc6 11. Be2 Nf6 12. 0-0 Ng4 13. Bxg4 Bxg4 14. Rae1 Na5 15. Qb1 0-0-0 16. f4 Be6 17. f5 Bxc4 18. Nxc4 Nxc4 19. Bf4 Ne5 20. a4 f6 21. a5 g5 22. axb6 axb6 23. Bxe5 fxe5 24. f6 exf6 25. Rxf6 Rd6 26. Rxd6 Qxd6 27. Qb5 Kb7 28. Rf1 Rf8 29. Rxf8 Qxf8 30. Qd7+ Ka6 31. Qa4+ Kb7 32. Qd7+ Ka6 1/2-1/2

[Event "BEL-chT 1314"]
[Site "Belgium"]
[Date "2013.12.01"]
[Round "5.8"]
[White "Tonoli, Walter"]
[Black "Meessen, Rudolf"]
[Result "0-1"]
[WhiteElo "2171"]
[BlackElo "2247"]
[PlyCount "98"]
[EventDate "2013.09.22"]
[EventType "team-tourn"]
[EventRounds "11"]
[EventCountry "BEL"]
[SourceTitle "EXT 2015"]
[Source "ChessBase"]
[SourceDate "2014.11.20"]
[SourceVersion "1"]
[SourceVersionDate "2014.11.20"]
[SourceQuality "1"]
[WhiteTeam "Anderlecht"]
[BlackTeam "KSK Rochade"]
[WhiteTeamCountry "BEL"]
[BlackTeamCountry "BEL"]

1. c4 f5 2. g3 Nf6 3. Bg2 d6 4. Nc3 e5 5. d3 Be7 6. e4 0-0 7. Nge2 fxe4 8. dxe4 Qe8 9. 0-0 Na6 10. f3 Kh8 11. Be3 c6 12. b3 Qh5 13. g4 Bxg4 14. Ng3 Qh4 15. Bf2 Bh3 16. Bxh3 Qxh3 17. Nf5 Nh5 18. Be3 Rae8 19. Rf2 Nc7 20. Qf1 Nf4 21. Bxf4 Qxf1+ 22. Raxf1 exf4 23. Rd2 Bf6 24. Ne2 d5 25. cxd5 cxd5 26. Rc1 Be5 27. Rdc2 Na6 28. Rd1 g6 29. Nh6 dxe4 30. fxe4 Bg7 31. Ng4 Rxe4 32. Nf2 Re7 33. Kf1 g5 34. Rcd2 h6 35. Rd7 Rfe8 36. Rxe7 Rxe7 37. Rd8+ Kh7 38. Nd4 Bxd4 39. Rxd4 Nc5 40. b4 Rd7 41. Rxd7+ Nxd7 42. Ne4 a6 43. a4 Kg6 44. a5 Kf5 45. Nd6+ Ke6 46. Nxb7 Kd5 47. Nd8 Kc4 48. Nf7 Kxb4 49. Nxh6 Ne5 0-1

[Event "BEL-chT 1213"]
[Site "Belgium"]
[Date "2012.10.21"]
[Round "3.7"]
[White "Memeti, Kastriot"]
[Black "Tonoli, Walter"]
[Result "0-1"]
[WhiteElo "2189"]
[BlackElo "2189"]
[PlyCount "52"]
[EventDate "2012.09.23"]
[EventType "team-tourn"]
[EventRounds "11"]
[EventCountry "BEL"]
[SourceTitle "EXT 2013"]
[Source "ChessBase"]
[SourceDate "2012.11.22"]
[SourceVersion "1"]
[SourceVersionDate "2012.11.22"]
[SourceQuality "1"]
[WhiteTeam "Amay"]
[BlackTeam "Anderlecht"]
[WhiteTeamCountry "BEL"]
[BlackTeamCountry "BEL"]

1. d4 g6 2. Nf3 Bg7 3. c3 f5 4. h3 Nf6 5. g4 d5 6. Bf4 fxg4 7. Ne5 0-0 8. Qc1 gxh3 9. Bxh3 Bxh3 10. Rxh3 Qc8 11. Rh4 Qf5 12. Bh6 Nh5 13. Nd3 Nd7 14. Bxg7 Kxg7 15. c4 Qf6 16. Rg4 Qe6 17. Qg5 Rf5 18. Qh4 dxc4 19. d5 Rxd5 20. Re4 Qf6 21. Rxe7+ Kf8 22. Qxc4 Nb6 23. Qxc7 Qxe7 24. Qc2 Rc8 25. Nc3 Qg5 26. Kf1 Qh4 0-1

[Event "Geraardsbergen op 28th"]
[Site "Geraardsbergen"]
[Date "2012.08.13"]
[Round "6"]
[White "Verlinden, Dirk"]
[Black "Tonoli, Walter"]
[Result "0-1"]
[WhiteElo "2020"]
[BlackElo "2194"]
[PlyCount "56"]
[EventDate "2012.08.11"]
[EventType "swiss"]
[EventRounds "9"]
[EventCountry "BEL"]
[SourceTitle "EXT 2013"]
[Source "ChessBase"]
[SourceDate "2012.11.22"]
[SourceVersion "1"]
[SourceVersionDate "2012.11.22"]
[SourceQuality "1"]

1. d4 g6 2. g3 Bg7 3. Bg2 c5 4. c3 cxd4 5. cxd4 d5 6. Nc3 e6 7. Nf3 Ne7 8. 0-0 Nbc6 9. e3 0-0 10. Ne2 b6 11. Nf4 a5 12. a3 Ba6 13. Re1 Qd6 14. Bf1 Bxf1 15. Kxf1 a4 16. Nd3 b5 17. Bd2 Nc8 18. Rc1 Nb6 19. Rc5 Nc4 20. Qc2 Rfb8 21. Nb4 N6a5 22. Bc3 f5 23. Nd2 Bf8 24. Nxc4 bxc4 25. Qd1 Qd7 26. Nxd5 exd5 27. Rxa5 Rxa5 28. Bxa5 Rxb2 0-1

[Event "BEL-chT 1112"]
[Site "Belgium"]
[Date "2012.02.12"]
[Round "8.8"]
[White "Tonoli, Walter"]
[Black "Kartsev, Soel"]
[Result "1-0"]
[WhiteElo "2191"]
[BlackElo "2183"]
[PlyCount "80"]
[EventDate "2011.10.09"]
[EventType "team-tourn"]
[EventRounds "11"]
[EventCountry "BEL"]
[SourceTitle "EXT 2013"]
[Source "ChessBase"]
[SourceDate "2012.11.22"]
[SourceVersion "1"]
[SourceVersionDate "2012.11.22"]
[SourceQuality "1"]
[WhiteTeam "Anderlecht"]
[BlackTeam "Amay"]
[WhiteTeamCountry "BEL"]
[BlackTeamCountry "BEL"]

1. c4 e5 2. g3 Nc6 3. Bg2 g6 4. Nc3 Bg7 5. Rb1 Nge7 6. b4 0-0 7. b5 Nd4 8. e3 Ne6 9. Nge2 a6 10. a4 axb5 11. axb5 d6 12. 0-0 h5 13. f4 Nf5 14. d3 exf4 15. gxf4 Nh4 16. Bh1 Nc5 17. d4 Nd7 18. e4 f5 19. e5 Nb6 20. exd6 cxd6 21. c5 dxc5 22. dxc5 Nd7 23. Be3 Ra3 24. Rb3 Qa5 25. c6 bxc6 26. bxc6 Nf6 27. Bf2 Ne4 28. Nxe4 fxe4 29. Bxh4 Bh3 30. Bg2 Ra1 31. Rb1 Rxb1 32. Qxb1 Bxg2 33. Kxg2 Qf5 34. Qb3+ Kh7 35. h3 Rd8 36. Bxd8 g5 37. Bxg5 Qc5 38. Rc1 Qa7 39. c7 Qa6 40. Qc4 Qa3 1-0

[Event "BEL-chT 1112"]
[Site "Belgium"]
[Date "2011.11.20"]
[Round "4.8"]
[White "Tonoli, Walter"]
[Black "Deleyn, Gunter"]
[Result "1/2-1/2"]
[WhiteElo "2191"]
[BlackElo "2250"]
[PlyCount "82"]
[EventDate "2011.10.09"]
[EventType "team-tourn"]
[EventRounds "11"]
[EventCountry "BEL"]
[SourceTitle "EXT 2012"]
[Source "ChessBase"]
[SourceDate "2011.11.24"]
[SourceVersion "1"]
[SourceVersionDate "2011.11.24"]
[SourceQuality "1"]
[WhiteTeam "Anderlecht"]
[BlackTeam "Gand"]
[WhiteTeamCountry "BEL"]
[BlackTeamCountry "BEL"]

1. c4 Nf6 2. g3 c6 3. Nf3 d5 4. b3 Bf5 5. Bg2 e6 6. Bb2 Bd6 7. 0-0 0-0 8. d3 h6 9. Nbd2 Nbd7 10. Re1 Bh7 11. a3 a5 12. Qc2 Qe7 13. e4 dxe4 14. Nxe4 Nxe4 15. dxe4 Bc5 16. Qc3 Nf6 17. Nd4 Rfd8 18. Nc2 Qc7 19. b4 Bf8 20. f3 Bg6 21. Ne3 b6 22. Kh1 Qe7 23. Nc2 Qc7 24. Rad1 axb4 25. axb4 Ne8 26. Qb3 Rxd1 27. Rxd1 Rd8 28. Rd3 Be7 29. Bf1 Kf8 30. Kg2 h5 31. Rxd8 Qxd8 32. Qd3 Qc7 33. Bd4 h4 34. c5 bxc5 35. bxc5 hxg3 36. hxg3 Qa5 37. Qc4 Qd2+ 38. Bf2 Nf6 39. Nb4 Nd7 40. Qd4 Qxd4 41. Bxd4 Nxc5 1/2-1/2

[Event "Geraardsbergen op 26th"]
[Site "Geraardsbergen"]
[Date "2010.08.12"]
[Round "4"]
[White "Tonoli, Walter"]
[Black "Saligo, Pieter"]
[Result "1/2-1/2"]
[WhiteElo "2169"]
[BlackElo "1882"]
[PlyCount "92"]
[EventDate "2010.08.11"]
[EventType "swiss"]
[EventRounds "9"]
[EventCountry "BEL"]
[SourceTitle "CBM 138 Extra"]
[Source "ChessBase"]
[SourceDate "2010.10.29"]
[SourceVersion "1"]
[SourceVersionDate "2010.10.29"]
[SourceQuality "1"]

1. c4 c6 2. g3 Nf6 3. Bg2 d5 4. Nf3 Nbd7 5. b3 g6 6. cxd5 cxd5 7. Bb2 Bg7 8. 0-0 0-0 9. d4 b6 10. Nc3 Bb7 11. Rc1 Rc8 12. b4 a6 13. b5 Ne4 14. a4 Nxc3 15. Bxc3 a5 16. Qb3 e6 17. Bb2 Qf6 18. e3 Rfe8 19. Ne5 Nxe5 20. dxe5 Qf5 21. f4 Bf8 22. Bd4 Bc5 23. Bxc5 bxc5 24. Qc3 d4 25. exd4 Bxg2 26. Kxg2 Qe4+ 27. Kf2 cxd4 28. Qxc8 Qe3+ 29. Kg2 Rxc8 30. Rxc8+ Kg7 31. Rcc1 Qb3 32. Rb1 Qe3 33. b6 Qe4+ 34. Kh3 Qf5+ 35. g4 Qd3+ 36. Kg2 Qe4+ 37. Kg3 Qd3+ 38. Kh4 h6 39. b7 g5+ 40. fxg5 hxg5+ 41. Kxg5 Qd2+ 42. Rf4 Qxh2 43. Rxf7+ Kxf7 44. b8Q Qd2+ 45. Kh4 Qh2+ 46. Kg5 Qd2+ 1/2-1/2

[Event "Geraardsbergen op 25th"]
[Site "Geraardsbergen"]
[Date "2009.08.14"]
[Round "6"]
[White "Clemens, Adrian HP"]
[Black "Tonoli, Walter"]
[Result "0-1"]
[WhiteElo "2264"]
[BlackElo "2158"]
[PlyCount "72"]
[EventDate "2009.08.12"]
[EventType "swiss"]
[EventRounds "9"]
[EventCountry "BEL"]
[SourceTitle "CBM 132 Extra"]
[Source "ChessBase"]
[SourceDate "2009.11.03"]
[SourceVersion "1"]
[SourceVersionDate "2009.11.03"]
[SourceQuality "1"]

1. d4 g6 2. c4 Bg7 3. e4 d6 4. Nc3 e5 5. Nf3 exd4 6. Nxd4 Nc6 7. Be3 Nge7 8. h4 h5 9. Qd2 0-0 10. 0-0-0 f5 11. Nxc6 bxc6 12. Bh6 Be6 13. Bxg7 Kxg7 14. Qd4+ Kh7 15. e5 d5 16. f4 dxc4 17. Qc5 Qe8 18. Bxc4 Bxc4 19. Qxc4 Nc8 20. Rhe1 Nb6 21. Qc5 Qe6 22. Rd4 Rfd8 23. Red1 Rxd4 24. Rxd4 a5 25. a4 Kh6 26. Kc2 Kg7 27. b3 Kh6 28. g3 Kg7 29. Nb5 cxb5 30. Qxc7+ Kh6 31. Rd6 Rc8 32. Rxe6 Rxc7+ 33. Kd3 Nd7 34. Kd4 bxa4 35. bxa4 Nc5 36. Kd5 Nxe6 0-1

[Event "Geraardsbergen op 25th"]
[Site "Geraardsbergen"]
[Date "2009.08.12"]
[Round "1"]
[White "Lallemand, Pascal"]
[Black "Tonoli, Walter"]
[Result "0-1"]
[WhiteElo "2179"]
[BlackElo "2158"]
[PlyCount "96"]
[EventDate "2009.08.12"]
[EventType "swiss"]
[EventRounds "9"]
[EventCountry "BEL"]
[SourceTitle "CBM 132 Extra"]
[Source "ChessBase"]
[SourceDate "2009.11.03"]
[SourceVersion "1"]
[SourceVersionDate "2009.11.03"]
[SourceQuality "1"]

1. d4 b5 2. e3 Bb7 3. Nf3 a6 4. Be2 Nf6 5. 0-0 e6 6. a4 b4 7. c4 c5 8. b3 Be7 9. Bb2 0-0 10. Nbd2 d6 11. Qc2 Nbd7 12. Rad1 Rc8 13. e4 cxd4 14. Bxd4 e5 15. Bb2 Nc5 16. Bd3 Qd7 17. Rfe1 Qg4 18. h3 Qh5 19. Nf1 Qg6 20. Ng3 Nfd7 21. Nf5 Qe6 22. Ne3 Nxd3 23. Qxd3 Nc5 24. Qc2 Bxe4 25. Qe2 Nxb3 26. Nd5 Nc5 27. Nxb4 Bxf3 28. Qxf3 Rb8 29. Ba3 Qxc4 30. Nd5 Bg5 31. Bxc5 Qxc5 32. Qg4 Bd8 33. Qd7 Bh4 34. Kh1 Rbd8 35. Qg4 Qxf2 36. Rf1 Qg3 37. Qc4 a5 38. Rf3 Qg5 39. Rdf1 Rc8 40. Qa6 Rc2 41. Ne3 Rc3 42. Rxf7 Rxf7 43. Qa8+ Qd8 44. Qd5 Bf6 45. Ng4 Rc5 46. Nxf6+ gxf6 47. Qe6 Qd7 48. Qb3 d5 0-1

[Event "BEL-chT2 0304"]
[Site "Belgium"]
[Date "2003.11.02"]
[Round "3"]
[White "Tonoli, Walter"]
[Black "Verspecht, Thierry"]
[Result "1-0"]
[WhiteElo "2166"]
[BlackElo "2146"]
[PlyCount "63"]
[EventDate "2003.12.01"]
[EventType "team-tourn"]
[EventRounds "11"]
[EventCountry "BEL"]
[SourceTitle "EXT 2005"]
[Source "ChessBase"]
[SourceDate "2004.11.15"]
[SourceVersion "1"]
[SourceVersionDate "2004.11.15"]
[SourceQuality "1"]
[WhiteTeam "Anderlecht"]
[BlackTeam "Ludisan"]
[WhiteTeamCountry "BEL"]
[BlackTeamCountry "BEL"]

1. e4 e6 2. Nf3 d5 3. Nc3 d4 4. Ne2 c5 5. c3 e5 6. Nxe5 Qe7 7. cxd4 cxd4 8. Qa4+ Nd7 9. Nxd7 Bxd7 10. Qxd4 Nf6 11. Nc3 a6 12. Be2 Bc6 13. Bf3 g6 14. 0-0 Bg7 15. Qe3 0-0 16. d4 Rfe8 17. e5 Qc7 18. Qf4 Nd7 19. Be3 Nb6 20. Rac1 Rad8 21. b3 Qe7 22. Qg3 Rc8 23. Bxc6 Rxc6 24. Ne4 Rec8 25. Rxc6 Rxc6 26. f4 Nd5 27. f5 Qa3 28. fxg6 Rxg6 29. Qf3 Qe7 30. Bg5 Qc7 31. Nd6 Rxg5 32. Qxd5 1-0

[Event "BEL-chT 0001"]
[Site "Belgium"]
[Date "2001.01.21"]
[Round "7"]
[White "Duhayon, Yves"]
[Black "Tonoli, Walter"]
[Result "1/2-1/2"]
[WhiteElo "2195"]
[BlackElo "2208"]
[PlyCount "26"]
[EventDate "2000.11.18"]
[EventType "team"]
[EventRounds "13"]
[EventCountry "BEL"]
[SourceTitle "CBM 081 Extra"]
[Source "ChessBase"]
[SourceDate "2001.05.06"]
[SourceVersion "1"]
[SourceVersionDate "2001.05.06"]
[SourceQuality "1"]

1. d4 g6 2. c4 Bg7 3. e4 d6 4. Nc3 e5 5. dxe5 dxe5 6. Qxd8+ Kxd8 7. f4 Nd7 8. Nf3 c6 9. fxe5 Nxe5 10. Bg5+ Ke8 11. 0-0-0 Be6 12. Nxe5 Bxe5 13. Be2 h6 1/2-1/2

[Event "BEL-chT 0001"]
[Site "Belgium"]
[Date "2000.11.17"]
[Round "3"]
[White "Tonoli, Walter"]
[Black "Vrenegoor, Taco"]
[Result "0-1"]
[WhiteElo "2208"]
[BlackElo "2341"]
[PlyCount "82"]
[EventDate "2000.11.18"]
[EventType "team"]
[EventRounds "13"]
[EventCountry "BEL"]
[SourceTitle "CBM 081 Extra"]
[Source "ChessBase"]
[SourceDate "2001.05.06"]
[SourceVersion "1"]
[SourceVersionDate "2001.05.06"]
[SourceQuality "1"]

1. c4 e5 2. g3 Nf6 3. Bg2 d5 4. cxd5 Nxd5 5. Nf3 Nc6 6. 0-0 Nb6 7. a3 Be7 8. b4 e4 9. Ne1 Bf6 10. Ra2 Be6 11. Rc2 Bb3 12. Bxe4 0-0 13. e3 Re8 14. Qf3 Ne5 15. Qe2 Bxc2 16. Nxc2 c6 17. d4 Nec4 18. Bd3 Nd6 19. Nd2 a5 20. bxa5 Rxa5 21. Nb3 Ra8 22. e4 g6 23. f3 Na4 24. Be3 Bg7 25. Qd2 Nb2 26. Be2 Nbc4 27. Qb4 Nxe3 28. Nxe3 Nxe4 29. fxe4 Rxe4 30. Bc4 Rxe3 31. Rxf7 Kh8 32. Qxb7 Rb8 33. Qa7 Rexb3 34. Rxg7 Rb1+ 35. Bf1 Rxf1+ 36. Kxf1 Qf6+ 37. Ke2 Rb2+ 38. Kd3 Qxg7 39. Qa8+ Qg8 40. Qxc6 Qb3+ 41. Qc3 Kg7 0-1

[Event "BEL-chT 0001"]
[Site "Belgium"]
[Date "2000.10.15"]
[Round "1"]
[White "Lacroix, Bruno"]
[Black "Tonoli, Walter"]
[Result "1/2-1/2"]
[WhiteElo "2118"]
[BlackElo "2208"]
[PlyCount "94"]
[EventDate "2000.11.18"]
[EventType "team"]
[EventRounds "13"]
[EventCountry "BEL"]
[SourceTitle "CBM 081 Extra"]
[Source "ChessBase"]
[SourceDate "2001.05.06"]
[SourceVersion "1"]
[SourceVersionDate "2001.05.06"]
[SourceQuality "1"]

1. e4 c5 2. Nf3 g6 3. d4 Bg7 4. c3 cxd4 5. cxd4 d5 6. exd5 Nf6 7. Nc3 0-0 8. Bc4 Nbd7 9. 0-0 Nb6 10. Bb3 Nbxd5 11. Re1 e6 12. Bg5 h6 13. Bh4 Qa5 14. Rc1 Nxc3 15. Rxc3 b6 16. Bxf6 Bxf6 17. Ne5 Bxe5 18. Rxe5 Qb4 19. d5 exd5 20. Qxd5 Ba6 21. a3 Qf4 22. g3 Qg4 23. Re7 Rad8 24. Qf3 Qxf3 25. Rxf3 Rd2 26. Rxa7 Bc8 27. Rfxf7 Rxf7 28. Bxf7+ Kf8 29. Kf1 Bf5 30. Bc4 Rxb2 31. Bd5 h5 32. h4 b5 33. Rb7 Rd2 34. Bc6 Rd3 35. Ra7 Rb3 36. Kg2 b4 37. a4 Rc3 38. Bd5 b3 39. Rb7 Bc2 40. a5 Rc5 41. Rb8+ Ke7 42. Bxb3 Bxb3 43. Rxb3 Rxa5 44. Kh3 Kf6 45. g4 hxg4+ 46. Kxg4 Ra4+ 47. f4 Ra1 1/2-1/2

[Event "BEL-chT 9900"]
[Site "Antwerp"]
[Date "1999.11.??"]
[Round "4"]
[White "Tonoli, Walter"]
[Black "Van Herck, Marcel"]
[Result "1/2-1/2"]
[WhiteElo "2238"]
[BlackElo "2206"]
[PlyCount "35"]
[EventDate "1999.10.08"]
[EventType "team"]
[EventRounds "11"]
[EventCountry "BEL"]
[SourceTitle "CBM 073 Extra"]
[Source "ChessBase"]
[SourceDate "2000.01.11"]
[SourceVersion "1"]
[SourceVersionDate "2000.01.11"]
[SourceQuality "1"]

1. c4 e6 2. Nf3 Nf6 3. g3 b6 4. Bg2 Bb7 5. 0-0 Be7 6. d4 0-0 7. Nc3 Ne4 8. Nxe4 Bxe4 9. d5 c5 10. Ne1 Bxg2 11. Kxg2 Qc8 12. e4 d6 13. Be3 Nd7 14. Qd2 b5 15. b3 bxc4 16. bxc4 Qa6 17. Rc1 exd5 18. exd5 1/2-1/2

[Event "BEL-chT 9899"]
[Site "Antwerp"]
[Date "1998.11.08"]
[Round "2"]
[White "Tonoli, Walter"]
[Black "Schuermans, Robert"]
[Result "0-1"]
[WhiteElo "2245"]
[BlackElo "2165"]
[PlyCount "80"]
[EventDate "1998.10.??"]
[EventType "team"]
[EventRounds "11"]
[EventCountry "BEL"]
[SourceTitle "EXT 2000"]
[Source "ChessBase"]
[SourceDate "1999.11.16"]
[SourceVersion "1"]
[SourceVersionDate "1999.11.16"]
[SourceQuality "1"]

1. c4 e5 2. g3 Nf6 3. Bg2 Nc6 4. Nc3 Bb4 5. Nd5 Bc5 6. e3 0-0 7. Ne2 Nxd5 8. cxd5 Ne7 9. d4 exd4 10. Nxd4 d6 11. 0-0 Nf5 12. Nb3 Bb6 13. a4 a6 14. e4 Ne7 15. Nd2 Ba7 16. Nc4 Ng6 17. h3 Bd7 18. b3 b5 19. Ne3 bxa4 20. bxa4 Rb8 21. Qe2 Qf6 22. Ra2 a5 23. Bb2 Bd4 24. Bxd4 Qxd4 25. Rc1 Ne5 26. f4 Rb3 27. fxe5 Rxe3 28. Qf2 dxe5 29. Rxc7 f5 30. Rd2 Qb6 31. Rb7 Qxb7 32. Qxe3 Qb1+ 33. Kh2 f4 34. gxf4 exf4 35. Qc3 Qe1 36. Rd3 Qh4 37. Rf3 Bg4 38. Rf1 f3 39. Qe1 f2 40. Qb1 Be2 0-1

[Event "BEL-chT 9798"]
[Site "Antwerp"]
[Date "1998.??.??"]
[Round "9"]
[White "De Weerd, Jan"]
[Black "Tonoli, Walter"]
[Result "0-1"]
[WhiteElo "2092"]
[BlackElo "2225"]
[PlyCount "67"]
[EventDate "1997.??.??"]
[EventType "team"]
[EventRounds "11"]
[EventCountry "BEL"]
[SourceTitle "EXT 1999"]
[Source "ChessBase"]
[SourceDate "1998.11.16"]
[SourceVersion "1"]
[SourceVersionDate "1998.11.16"]
[SourceQuality "1"]

1. e4 c5 2. Nf3 g6 3. d4 Bg7 4. c3 cxd4 5. cxd4 d5 6. exd5 Nf6 7. Bb5+ Nbd7 8. Nc3 0-0 9. Bg5 Nb6 10. Bxf6 Bxf6 11. Qb3 a6 12. Be2 e6 13. d6 Bg7 14. Qb4 Re8 15. 0-0 Bf8 16. Ne4 Nd5 17. Qb3 f5 18. Nc3 Nf4 19. Rfe1 Qxd6 20. Bf1 b5 21. d5 e5 22. g3 Nh5 23. Bxb5 axb5 24. Nxb5 Qb8 25. Rac1 Ra5 26. a4 Bd7 27. Ng5 Bd6 28. Nxd6 Qxb3 29. Nxe8 Bxe8 30. Rc8 Nf6 31. Rxe5 Rxd5 32. Rexe8+ Nxe8 33. Rxe8+ Kg7 34. h4 0-1